000 00258nam a22000977a 4500
008 260413b |||||||| |||| 00| 0 eng d
020 _a9789390066841
100 _aPilkey Dav
_97862
245 _aDog Man Grime and Punishment-9
260 _aIndia
_bScholastic
_c2024
999 _c12860
_d12860